España en carne viva /

Uloženo v:
Podrobná bibliografie
Hlavní autor: Junco, Alfonso (autor)
Médium: Kniha
Jazyk:španělština
Témata:
Tagy: Přidat tag
Žádné tagy, Buďte první, kdo vytvoří štítek k tomuto záznamu!

MARC

LEADER 00000nam^a2200000^a^4500
001 000364808
005 20250521000000.0
009 20260310115625.645
037 |a Acervo Xavier Clavigero 
041 |a ESP 
082 |a 946. 081  |b JUN 
100 |a Junco, Alfonso  |e (autor) 
245 1 0 |a España en carne viva /  |c A. Junco. 
264 |a México :  |b Botas,  |c 1946 
300 |a 429 p. 
336 |a texto  |b txt  |2 rdacontenido 
337 |a sin mediación  |b n  |2 rdamedio 
338 |a volumen  |b nc  |2 rdasoporte 
545 0 |a Nacido en Monterrey en 1896 y fallecido en la ciudad de México en 1974, Alfonso Junco es uno de los representantes destacados de la intelectualidad católica mexicana, que expresa en su amplia y variada obra las ideas políticas, sociales y filosóficos de tal línea de pensamiento. Director de la revista Abside de 1955 a 1974 e integrante de la Academia Mexicana de la Lengua desde 1931, Junco es autor de los libros de poesía Por la senda suave (1917), El alma estrella (1936), Posesión (1923), Florilegio eucarístico (1926), La divina aventura (1938) y Antología (1960). Más numerosas son las obras de ensayo y prosa del agudo polemista neoleonés; entre ellas pueden citarse: La traición de Querétaro (1930), Un radical problema guadalupano (1932), La carta atenagórica de sor Juana (1933), Inquisición sobre la Inquisición (1933), Un siglo de México: de Hidalgo a Carranza (1934), Carranza y los orígenes de su rebelión (1935), Sotanas de México (1955), México y los refugiados: las cortes de paja y el corte de caja (1959), El increíble fray Servando (1959), Juárez intervencionista (1961) o De los primeros dineros a los setenta febreros (1970). 
649 |a XX 
650 |a Política -  |z España -  |x Historia 
650 |a España -  |x Historia -  |y Guerra Civil, 1936-1939 
650 |a España -  |x Historia -  |y República, 1931-1939 -  |x Tema Principal 
650 |a España -  |x Historia -  |y Franquismo, 1939-1975 
650 |a España -  |x Historia -  |y Siglo XX 
650 |a Guerra Mundial (Segunda), 1939-1945 -  |x Historia 
910 |a Fondo General 
920 |a Impresos - Libros 
930 |a Colección General 
905 |a 101 
901 |a 019909  |b IT1  |c ACC  |u 20250521 
902 |a https://opac.biblio.iteso.mx/vufind/Record/000364808